Statistics for Phobias

Click here to take the quiz!

General Stats

  • This quiz has been taken 208 times
    (66 since last reset)
  • The average score is 11 of 25

Answer Stats

Phobia Fear of % Correct
ArachnophobiaSpiders
98%
ZoophobiaAnimals
85%
NecrophobiaDead Things
85%
TriskaidekaphobiaThe Number 13
85%
HomophobiaGays
77%
XenophobiaForeigners
73%
ThermophobiaHeat
73%
OrnithophobiaBirds
58%
CarnophobiaMeat
54%
ZeusophobiaGod(s)
52%
RadiophobiaX-Rays/Radiation
50%
PhallophobiaPenises
38%
AblutophobiaWashing/Bathing
31%
LogophobiaWords
31%
CacophobiaUgliness
27%
PhasmophobiaGhosts
27%
IophobiaPoison
21%
MelophobiaMusic
21%
UranophobiaHeaven
21%
SelachophobiaSharks
19%
StygiophobiaHell
13%
ScolionophobiaSchool
13%
XyrophobiaRazors
13%
PotophobiaAlcohol
12%
PhilemaphobiaBeing Kissed
8%

Score Distribution

Percentile by Number Answered

Percent of People with Each Score

Your Score History

You have not taken this quiz since the last reset